La Rochelle ou New Rochelle - Statistiques

Statistiques générales
  • Ce quiz a été pris 158 fois
  • Le résultat moyen est 8 sur 15
Statistiques - réponses
Question Réponse % Correct
S'y trouve un aquarium avec plus de 12 000 espèces marines La Rochelle
98%
Jacob Leisler est un personnage important des débuts de la ville New Rochelle
89%
Une de ses communes voisines se nomme "Larchmont" New Rochelle
87%
Se situe dans la province de l'Aunis La Rochelle
82%
La ville a une forme triangulaire New Rochelle
75%
Située en bord de mer Les deux
60%
Est surnomée la "ville blanche" La Rochelle
49%
Bordée par l'Océan Atlantique Les deux
49%
La ville est la plus au Nord des deux La Rochelle
44%
Possède un club de tennis nommé "Rochelle Tennis Club" qui est un des plus vieux du pays New Rochelle
36%
La ville a une densité supérieur à 2 000/hab par km² Les deux
29%
Est plus proche de Pékin en distance à vol d'oiseau La Rochelle
27%
Le point culminant de la ville n'atteint pas plus de 30 mètres Les deux
27%
L'une des meilleures villes au niveau national pour le cadre de vie Les Deux
22%
Compte environ 80 000 habitants Les deux
15%
Aucun quiz correspondant
Distribution des résultats
% des personnes avec chaque résultat
Percentile par nombre de réponses
Votre historique - résultats
Vous n’avez pas pris ce quiz